000 00178 a2200097 4500
041 _aspa
100 _aIsabel Campoy
245 _aQuizas algo hermoso
942 _cBK
952 _74
999 _c21720
_d21720